Sébastien Jahan (en collaboration avec Emmanuel Dion), Le Peuple de la forêt. Nomadisme ouvrier et identités dans la France du Centre-Ouest aux Temps Modernes, Rennes, pur, 2003, 276 p., 18 € (notice n° 1628458)

détails MARC
000 -LEADER
fixed length control field 02048cam a2200169 4500500
005 - DATE AND TIME OF LATEST TRANSACTION
control field 20260111094245.0
041 ## - LANGUAGE CODE
Language code of text/sound track or separate title fre
042 ## - AUTHENTICATION CODE
Authentication code dc
100 10 - MAIN ENTRY--PERSONAL NAME
Personal name Prévert, Gaëtan
Relator term author
245 00 - TITLE STATEMENT
Title Sébastien Jahan (en collaboration avec Emmanuel Dion), Le Peuple de la forêt. Nomadisme ouvrier et identités dans la France du Centre-Ouest aux Temps Modernes, Rennes, pur, 2003, 276 p., 18 €
260 ## - PUBLICATION, DISTRIBUTION, ETC.
Date of publication, distribution, etc. 2003.<br/>
500 ## - GENERAL NOTE
General note 49
520 ## - SUMMARY, ETC.
Summary, etc. RésuméEntre le milieu du xixe siècle et le dernier quart du xxe siècle, les hautes vallées cévenoles connaissent un double mouvement de déprise agraire et de reboisement étatique qui se traduit par une augmentation paradoxale de la conflictualité, l’arbre devenant à la fois le moyen concret et le symbole d’une éviction des pasteurs-cultivateurs de leur propre espace de vie. Les sources de cette « guerre de l’arbre », qui agite les Cévennes pendant plus d’un siècle, sont une occasion rare pour l’historien de poser la question de l’articulation des enjeux matériels et symboliques dans l’évolution du rapport à l’espace rural, compris à la fois comme terroir et comme paysage.
520 ## - SUMMARY, ETC.
Summary, etc. From the middle of the xixth century to the last quarter of the xxth century, the upper valleys of the Cévennes experienced a far-reaching movement of depopulation, which, together with a State decision to promote reforestation on the main summits and slopes, made for a conflict-ridden evolution. The reforestation process was seen by those peasants remaining in the area as an economic and symbolic dispossession. The rich and varied primary sources documenting this long-lasting conflict provide the historian with an opportunity to link material and symbolic stakes, and to understand the process through which mountains becamee landscapes.
786 0# - DATA SOURCE ENTRY
Note Histoire & Sociétés Rurales | 20 | 2 | 2003-10-01 | p. 203r-254r | 1254-728X
856 41 - ELECTRONIC LOCATION AND ACCESS
Uniform Resource Identifier <a href="https://shs.cairn.info/revue-histoire-et-societes-rurales-2003-2-page-203r?lang=fr&redirect-ssocas=7080">https://shs.cairn.info/revue-histoire-et-societes-rurales-2003-2-page-203r?lang=fr&redirect-ssocas=7080</a>

Pas d'exemplaire disponible.

PLUDOC

PLUDOC est la plateforme unique et centralisée de gestion des bibliothèques physiques et numériques de Guinée administré par le CEDUST. Elle est la plus grande base de données de ressources documentaires pour les Étudiants, Enseignants chercheurs et Chercheurs de Guinée.

Adresse

627 919 101/664 919 101

25 boulevard du commerce
Kaloum, Conakry, Guinée

Réseaux sociaux

Powered by Netsen Group @ 2025